Движение атомов жидкости: пер. с англ.

Bibliografiset tiedot
Päätekijä: Марч Н. Г. Норман Г.
Muut tekijät: Тоси М.
Yhteenveto:Предлагаемая читателю книга является результатом совместного труда известных ученых - профессоров физики Н. Марча (Имперский колледж науки и технологии в Лондоне) и М. Тоси (Римский Университет), круг научных интересов которых включает теорию жидкостей. Приводятся фундаментальные понятия статистической физики жидких систем. Рассмотрены идентификация структуры жидкостей, теоретические методы анализа плазмы, жидких металлов, полупроводников, растворов электролитов и воды, Приводятся динамические аспекты теории жидкого гелия и критического состояния. Рассмотрена динамика поверхности жидкости. Книга представляет большую ценность для специалистов, занимающихся изучением жидкого состояния расплавов и процессов кристаллизации.
Kieli:venäjä
Julkaistu: Москва, Металлургия, 1980
Aiheet:
Aineistotyyppi: MixedMaterials Kirja
KOHA link:https://koha.lib.tpu.ru/cgi-bin/koha/opac-detail.pl?biblionumber=65662

MARC

LEADER 00000nam0a2200000 4500
001 65662
005 20231031070752.0
035 |a (RuTPU)RU\TPU\book\69694 
090 |a 65662 
100 |a 20040624d1980 k y0rusy50 ca 
101 1 |a rus  |c eng 
102 |a RU 
105 |a a z 001zy 
200 1 |a Движение атомов жидкости  |e пер. с англ.  |f Н. Марч, М. Тоси 
210 |a Москва  |c Металлургия  |d 1980 
215 |a 296 с.  |c ил. 
320 |a Библиогр.: с. 283-292 
330 |a Предлагаемая читателю книга является результатом совместного труда известных ученых - профессоров физики Н. Марча (Имперский колледж науки и технологии в Лондоне) и М. Тоси (Римский Университет), круг научных интересов которых включает теорию жидкостей. Приводятся фундаментальные понятия статистической физики жидких систем. Рассмотрены идентификация структуры жидкостей, теоретические методы анализа плазмы, жидких металлов, полупроводников, растворов электролитов и воды, Приводятся динамические аспекты теории жидкого гелия и критического состояния. Рассмотрена динамика поверхности жидкости. Книга представляет большую ценность для специалистов, занимающихся изучением жидкого состояния расплавов и процессов кристаллизации. 
610 1 |a жидкости 
610 1 |a термодинамика 
610 1 |a расчеты 
610 1 |a корреляционные функции 
610 1 |a бинарные жидкости 
610 1 |a заряженные жидкости 
610 1 |a гелиевые жидкости 
610 1 |a критические явления 
610 1 |a поверхность 
675 |a 532.7  |v 3 
700 1 |a Марч  |b Н. Г.  |g Норман Г. 
701 1 |a Тоси  |b М. 
801 1 |a RU  |b 63413507  |c 20040624  |g PSBO 
801 2 |a RU  |b 63413507  |c 20180709  |g PSBO 
942 |c BK